Library of the University of Algiers 3
Ibrahim Sultan Cheibout
شعار جامعة الجزائر 3
مكتبة جامعة الجزائر 3
إبراهيم سلطان شيبوط

المستشار المنهج المتكامل لتطوير الأداء : (رقم التسجيلة. 45254)

تفاصيل مارك
000 -LEADER
fixed length control field 01071nam a2200241Ia 4500
003 - CONTROL NUMBER IDENTIFIER
control field Ost
005 - DATE AND TIME OF LATEST TRANSACTION
control field 20260507075633.0
008 - FIXED-LENGTH DATA ELEMENTS--GENERAL INFORMATION
fixed length control field 260507s9999||||xx |||||||||||||| ||und||
020 ## - INTERNATIONAL STANDARD BOOK NUMBER
International Standard Book Number 86337977
040 ## - CATALOGING SOURCE
Transcribing agency fsecg
041 ## - LANGUAGE CODE
Language code of text/sound track or separate title ara
082 ## - DEWEY DECIMAL CLASSIFICATION NUMBER
Classification number 658.31
100 ## - MAIN ENTRY--PERSONAL NAME
Personal name روبنسون، دانا جاينس
Relator term مؤلف
245 #0 - TITLE STATEMENT
Title المستشار المنهج المتكامل لتطوير الأداء :
Remainder of title خطوات وأدوات /
Statement of responsibility, etc. دانا جاينس روبنسون
260 ## - PUBLICATION, DISTRIBUTION, ETC.
Place of publication, distribution, etc. القاهرة:
Name of publisher, distributor, etc. مركز الخبرات المهنية للإدارة بميك,
Date of publication, distribution, etc. 2000
300 ## - PHYSICAL DESCRIPTION
Extent 220 صفحة؛
Other physical details إيضاحات ؛
Dimensions 24 سم
490 ## - SERIES STATEMENT
Series statement سلسلة أصدارت بميك
Volume/sequential designation 14
520 ## - SUMMARY, ETC.
Summary, etc. دور مستشار الأداء- تصميم واستخدام خرائيط علاقات الأداء- تقديم خدمات استشارات الأداء- تنظيم إدارة تطوير الأداء.
653 ## - INDEX TERM--UNCONTROLLED
Uncontrolled term الأداء الوظيفي
653 ## - INDEX TERM--UNCONTROLLED
Uncontrolled term تقييم الأداء
700 ## - ADDED ENTRY--PERSONAL NAME
Personal name روبنسون، جيمس
Relator term مؤلف ثانوي
942 ## - ADDED ENTRY ELEMENTS (KOHA)
Koha item type كتب
المقتنيات
Withdrawn status Lost status Source of classification or shelving scheme Damaged status Not for loan Home library Current library Date acquired Serial enumeration / chronology Inventory number Total checkouts Full call number Barcode Date last seen Price effective from Koha item type
    Dewey Decimal Classification   NOT LOAN / إعارة داخلية مكتبة كلية العلوم الإقتصادية والعلوم التجارية وعلوم التسيير مكتبة كلية العلوم الإقتصادية والعلوم التجارية وعلوم التسيير 07/05/2026 الطابق الأرضي 586/1   أ/586ن1 586/1 07/05/2026 07/05/2026 كتب

موارد الويب المفتوحة


© University of Algiers 3 All Rights Reserved
|
Implemented by LECHELAH Riad